| 000 | 01380nam0a22002891 4500 | ||
|---|---|---|---|
| 001 | rc\2773651 | ||
| 005 | 20250806204523.0 | ||
| 035 | _a(NLR Aleph) 006899974 | ||
| 090 |
_a29382 _c29382 |
||
| 100 | _a20110915d1941 u y0rusy50 ca | ||
| 101 | 0 | _arus | |
| 102 | _aRU | ||
| 105 | _aa z ||||| | ||
| 200 | 1 |
_aРучные электросверла ЭБР-1 и ЭБР-2 _eИнструкция по эксплоатации и уходу _fСоставители: инж. П. Л. Быков, инж. А. Е. Федченко _gЭлектромехан. завод "Кр. металлист" |
|
| 210 |
_aМосква _aЛенинград _cГостоптехиздат _d1941 _eЛенинград |
||
| 215 |
_a32 с. _cил., черт. _d22 см. |
||
| 300 | _aНа обороте тит. л. указаны составители: инж. П. Л. Быков и инж. А. Е. Федченко | ||
| 702 | 1 |
_aФедченко _bА.Е. _gАлександр Емельянович _4220 |
|
| 702 | 1 |
_aБыков _bП.Л. _gПавел Лаврентьевич _4220 |
|
| 712 | 0 | 2 |
_a"Красный металлист", завод _cКонотоп _3RU\NLR\AUTH\8810150641 |
| 801 | 0 |
_aRU _bNLR _gpsbo |
|
| 801 | 1 |
_aRU _bELAR _2rusmarc |
|
| 852 |
_aNLR _jТ26 Г-6/41 |
||
| 942 | _cBOOK | ||
| 945 | _aРоссийская национальная библиотека | ||
| 980 | _aNB | ||
| 980 | _aBV | ||